000 00451nam a2200181Ia 4500
001 19979
005 20260306172732.0
008 260306t2003||||xx |||||||||||||| ||spa||
041 _aESP
082 _a342.1
_bC25 T.2
100 _aCancado Trindade, Antonio Augusto
_eAUT
245 0 _aDoctrina latinoamericana del derecho internacional
260 _c2003
300 _a
_c21 cm.
650 _aGEN
654 _aCDE
942 _cLIB
_dJUS
_fJUS
_2ddc
_n
999 _c19979
_d19979